000 01150nam a2200289 i 4500
001 8294
003 ES-MaACL
005 20230906145427.0
007 t|
008 920430s1991 sp ||||1| spa d
020 _a84-7658-315-X
080 _a1 Ricoeur, Paul
080 _a061.3(468.151.4)"1987":1(44)"19"
080 _a1(44)"19"
245 0 0 _aPaul Ricoeur, los caminos de la interpretación
_b: Actas del Symposium Internacional sobre el Pensamiento Filosófico de Paul Ricoeur : Granada, 23-27 de noviembre de 1987 /
_cTomás Calvo Martínez, Remedios Avila Crespo (eds.) ; traducciones del francés de José Luis García Rúa.
250 _a1ª ed.
260 _aBarcelona :
_bAnthropos,
_c1991.
300 _a447 p. ;
_c20 cm.
490 1 _aAutores, textos y temas. Filosofía ;
_v37
600 1 4 _aRicoeur, Paul-
_xCrítica e interpretación.
_997043
700 1 _aCalvo Martínez, Tomás.
_933895
700 1 _aAvila Crespo, Remedios,
_edir.
_9178107
700 1 _aGarcía Rúa, José Luis.
_955230
830 0 _aAutores, textos y temas. Filosofía ;
_v37
_9177263
852 _aES-MaACL
_jL-15646
_bR.120056
999 _c8294
_d8294